| 000 | 00000nam##2200000za#4500 |
| 001 | 9.698191 |
| 003 | CaOODSP |
| 005 | 20210624235822 |
| 007 | cr ||||||||||| |
| 008 | 150407|1996||||xxc|||||o f|0| 0 eng|d |
| 040 | |aCaOODSP|beng |
| 043 | |an-cn--- |
| 086 | 1 |aRH64-115/1996E-PDF |
| 110 | 1 |aCanada.|bHuman Resources Development Canada. |bStrategic Policy. |
| 245 | 10|aPhase 1 - formative evaluation - P.E.I. Choice and Opportunity : |h[electronic resource]|bfinal report / |c[by] Evaluation and Data Development. |
| 246 | 1 |aStrategic Initiatives Evaluation - Choice and Opportunity |
| 260 | |aOttawa - Ontario : |bHuman Resources Development Canada. |cJuly 1996. |
| 300 | |a50p.|btables |
| 590 | |a13-18-Supp|b2013-08-01 |
| 775 | 08|tPremier volet - évaluation formative - projet Choix et possibilités - Î.-P.-É. : |w(CaOODSP)9.642186 |
| 856 | 40|ahttp://publications.gc.ca|qPDF|s143 KB|uhttps://publications.gc.ca/collections/collection_2013/rhdcc-hrsdc/RH64-115-1996-eng.pdf |